[Event "Open Est 2013-2014"]
[Site "Salle Lakanal Aubagne"]
[Date "2014.03.15"]
[Round "7.18"]
[White "Rieu, Jean"]
[Black "Rocchia, Alex"]
[Result "1-0"]
[WhiteElo "1360"]
[BlackElo "1499"]
[PlyCount "117"]
[EventDate "2014.??.??"]

1. Nf3 c5 2. e4 Nc6 3. d3 d6 4. Nc3 Nf6 5. Be2 g6 6. O-O Bg7 7. Re1 O-O 8. Bd2
Bd7 9. Qc1 Re8 10. Bh6 Bh8 11. Nh4 Bg4 12. Bxg4 Nxg4 13. h3 Nxh6 14. Qxh6 Bg7
15. Qd2 a6 16. Re3 Bh6 17. Nf3 Bxe3 18. Qxe3 Kg7 19. Ng5 Nd4 20. Qf4 Rf8 21. e5
Ne6 22. Nxe6+ fxe6 23. Qh4 Rf5 24. Ne4 h6 25. Re1 Rxe5 26. Re3 Rh5 27. Ng3 Re5
28. Rxe5 dxe5 29. Qg4 Kh7 30. Qxe6 Qf8 31. Qxe5 Qf6 32. Qc7 Rf8 33. Ne4 Qf7 34.
Qg3 Qf4 35. Qxf4 Rxf4 36. Nxc5 Rb4 37. b3 Rb5 38. d4 e5 39. a4 Rb6 40. dxe5 Rc6
41. Nxb7 Re6 42. Nc5 Rxe5 43. Nxa6 Re1+ 44. Kh2 Re2 45. c4 Rxf2 46. c5 Rf6 47.
Nc7 Rc6 48. b4 Rxc7 49. a5 Kg7 50. a6 Kf7 51. b5 Ke7 52. b6 Rxc5 53. b7 Kd7 54.
b8=Q Rc8 55. Qf4 Ra8 56. Qd2+ Kc7 57. Qa5+ Kb8 58. Qd2 Rxa6 59. Qxh6 1-0

[Event "Open Est 2013-2014"]
[Site "Salle Lakanal Aubagne"]
[Date "2014.03.15"]
[Round "7.19"]
[White "Yahia-Amar, Hocine"]
[Black "Strate, Francois"]
[Result "0-1"]
[WhiteElo "1499"]
[BlackElo "1373"]
[PlyCount "51"]
[EventDate "2014.??.??"]

1. e4 e6 2. d4 d5 3. Nc3 Nf6 4. e5 Nfd7 5. Bb5 a6 6. Be2 c5 7. Nf3 Nc6 8. Bg5
Qc7 9. Bf4 cxd4 10. Ng5 dxc3 11. bxc3 h6 12. Nh3 Ncxe5 13. O-O Qxc3 14. Qd2
Qxd2 15. Bxd2 b5 16. f4 Bc5+ 17. Nf2 Nc4 18. Bc3 O-O 19. Bxc4 bxc4 20. Rab1 Nf6
21. Kh1 Bxf2 22. Rxf2 Ne4 23. Rf3 d4 24. Bb4 Rb8 25. g4 a5 26. Ra3 0-1

[Event "Open Est 2013-2014"]
[Site "Salle Lakanal Aubagne"]
[Date "2014.03.15"]
[Round "7.20"]
[White "Kallenberg, Hardi"]
[Black "Rasolo, Loick"]
[Result "0-1"]
[WhiteElo "1470"]
[BlackElo "1365"]
[PlyCount "96"]
[EventDate "2014.??.??"]

1. e4 e5 2. Nf3 Nc6 3. d4 exd4 4. Nxd4 Bc5 5. Be3 Qf6 6. c3 Nge7 7. Qf3 Qxf3 8.
gxf3 Nxd4 9. cxd4 Bb6 10. Nd2 Nc6 11. d5 Nd4 12. Bd3 c5 13. Rg1 g6 14. Rg3 Bc7
15. Rh3 Be5 16. f4 d6 17. fxe5 Bxh3 18. Bxd4 cxd4 19. exd6 Rd8 20. e5 a6 21. f3
f6 22. f4 fxe5 23. fxe5 O-O 24. O-O-O Rc8+ 25. Kb1 Rcd8 26. Ne4 Rde8 27. Nf6+
Rxf6 28. exf6 Kf7 29. Bc4 Bf5+ 30. Ka1 Kxf6 31. a3 Rd8 32. Rxd4 Rxd6 33. Rd2
Ke5 34. Rd1 Kf4 35. h4 Kg3 36. Bb3 Kxh4 37. Rh1+ Bh3 38. Bc4 g5 39. Bf1 g4 40.
Bc4 g3 41. Re1 g2 42. Re4+ Kg3 43. Re7 g1=Q+ 44. Ka2 Qd4 45. Rc7 Bg2 46. Bb3
Bxd5 47. Rc3+ Qxc3 48. bxc3 Bxb3+ 0-1

[Event "Open Est 2013-2014"]
[Site "Salle Lakanal Aubagne"]
[Date "2014.03.15"]
[Round "7.21"]
[White "Autouard, Jean Luc"]
[Black "Gamblin, Vincent"]
[Result "1-0"]
[WhiteElo "1350"]
[BlackElo "1458"]
[PlyCount "57"]
[EventDate "2014.??.??"]

1. e4 g6 2. Nf3 d6 3. h3 Bg7 4. Bc4 Nf6 5. Nc3 O-O 6. d4 c6 7. O-O b5 8. Bb3 b4
9. Ne2 Nxe4 10. c3 bxc3 11. bxc3 d5 12. Ng5 Bf5 13. Nxe4 Bxe4 14. f3 Bf5 15.
Bf4 Nd7 16. Qd2 e5 17. Bh6 Qh4 18. Bg5 Qh5 19. Ng3 Qxg5 20. Qxg5 exd4 21. Nxf5
gxf5 22. cxd4 Rab8 23. Rad1 Kh8 24. Qxf5 Nf6 25. g4 Rg8 26. g5 Bh6 27. Qxf6+
Bg7 28. Qf5 Bh6 29. Kh1 1-0

[Event "Open Est 2013-2014"]
[Site "Salle Lakanal Aubagne"]
[Date "2014.03.15"]
[Round "7.22"]
[White "Reynaud, Jacques"]
[Black "Bauden, Thomas"]
[Result "1-0"]
[WhiteElo "1413"]
[BlackElo "1290"]
[PlyCount "75"]
[EventDate "2014.??.??"]

1. Nf3 f5 2. d3 Nf6 3. Nc3 e6 4. e4 fxe4 5. Nxe4 b6 6. Bg5 Be7 7. c3 Nxe4 8.
Bxe7 Qxe7 9. dxe4 Bb7 10. Bd3 O-O 11. O-O Na6 12. Re1 Nc5 13. Bc2 Rf7 14. b4
Na6 15. Qd3 c5 16. e5 g6 17. b5 Nc7 18. c4 Raf8 19. Re3 a6 20. a4 Bxf3 21. gxf3
Qg5+ 22. Kh1 Qh4 23. Qe2 a5 24. Rg1 Ne8 25. Rg4 Qh5 26. Be4 Qxe5 27. Bxg6 Qa1+
28. Rg1 Qxg1+ 29. Kxg1 hxg6 30. Qd3 Nc7 31. Kf1 g5 32. Qd6 Ne8 33. Qxb6 Rxf3
34. Rxf3 Rxf3 35. Qxc5 d6 36. Qxg5+ Ng7 37. b6 Rf8 38. Qxa5 1-0

[Event "Open Est 2013-2014"]
[Site "Salle Lakanal Aubagne"]
[Date "2014.03.15"]
[Round "7.23"]
[White "Benezra, Ruthy"]
[Black "Frontera, Pierre"]
[Result "0-1"]
[WhiteElo "1310"]
[BlackElo "1410"]
[PlyCount "136"]
[EventDate "2014.??.??"]

1. e4 c5 2. Nf3 Nc6 3. d4 cxd4 4. Nxd4 g6 5. Nc3 Bg7 6. Be3 e6 7. Qd2 h6 8. Bb5
Nge7 9. O-O a6 10. Be2 Rb8 11. f4 Nxd4 12. Bxd4 Bxd4+ 13. Qxd4 O-O 14. Kh1 f5
15. exf5 exf5 16. Bc4+ Kh7 17. Qd6 Nc6 18. Rf3 Rf6 19. Qc5 b6 20. Qf2 Bb7 21.
Rh3 Na5 22. Bd3 d5 23. Qh4 h5 24. Re3 d4 25. Re2 dxc3 26. bxc3 Kg7 27. Rae1 Qd5
28. Re7+ Rf7 29. Rxf7+ Kxf7 30. Qe7+ Kg8 31. Re2 Bc6 32. Qc7 Re8 33. Rxe8+ Bxe8
34. Qxb6 Qxa2 35. Qc5 Qa1+ 36. Qg1 Qxg1+ 37. Kxg1 Bb5 38. Bxb5 axb5 39. Kf2 Nc4
40. Ke2 Kf7 41. Kd3 Kf6 42. Kd4 g5 43. g3 gxf4 44. gxf4 Ke6 45. Kc5 Na3 46. h4
Nxc2 47. Kxb5 Kd6 48. c4 Nd4+ 49. Kb4 Kc6 50. Kc3 Ne6 51. Kd3 Nxf4+ 52. Ke3 Ne6
53. Kf3 Kc5 54. Kg3 Kxc4 55. Kf3 Kd3 56. Kg3 Ke3 57. Kh3 Kf3 58. Kh2 f4 59. Kh3
Kf2 60. Kh2 Nd4 61. Kh3 f3 62. Kh2 Ke2 63. Kg1 f2+ 64. Kg2 f1=Q+ 65. Kg3 Qf3+
66. Kh2 Qg4 67. Kh1 Kf2 68. Kh2 Qg2# 0-1

[Event "Open Est 2013-2014"]
[Site "Salle Lakanal Aubagne"]
[Date "2014.03.15"]
[Round "7.26"]
[White "Besucco, Guy"]
[Black "Pietrac, Christian"]
[Result "1-0"]
[WhiteElo "1470"]
[BlackElo "1253"]
[PlyCount "86"]
[EventDate "2014.??.??"]

1. c4 c5 2. g3 g6 3. Bg2 Bg7 4. Nf3 Nf6 5. O-O d5 6. d3 O-O 7. Na3 Re8 8. Nc2
d4 9. Bd2 e5 10. Rb1 h6 11. b4 e4 12. Nfe1 exd3 13. Nxd3 Bf5 14. Nxc5 Be4 15.
Nxb7 Qb6 16. Nc5 Bxg2 17. Kxg2 Qc6+ 18. Kg1 Nbd7 19. Nxd4 Qb6 20. Nxd7 Qxd4 21.
Nxf6+ Qxf6 22. a4 Rad8 23. Qe1 Qd4 24. Rd1 Qxc4 25. e3 Qc2 26. Bc1 Rc8 27. Rd2
Qxa4 28. Rd7 Bc3 29. Qd1 Qxb4 30. Qd5 Qf8 31. Rd1 a5 32. Ba3 Bb4 33. Bb2 a4 34.
Qd4 Kh7 35. Qa7 Kg8 36. Qxa4 Ra8 37. Qb3 Be7 38. Qc3 Kh7 39. h4 Red8 40. h5
Rxd7 41. Rxd7 Re8 42. hxg6+ fxg6 43. Ba3 Qf6 1-0

[Event "Open Est 2013-2014"]
[Site "Salle Lakanal Aubagne"]
[Date "2014.03.15"]
[Round "7.27"]
[White "Benezra, Silke"]
[Black "Lognos, Lina"]
[Result "1-0"]
[WhiteElo "1420"]
[BlackElo "1188"]
[PlyCount "71"]
[EventDate "2014.??.??"]

1. Nf3 c5 2. c4 Nf6 3. Nc3 Nc6 4. d4 cxd4 5. Nxd4 d6 6. g3 g6 7. Bg2 Rb8 8.
Nxc6 bxc6 9. Bxc6+ Bd7 10. Bg2 Bg7 11. O-O O-O 12. e4 Bc6 13. e5 Bxg2 14. exf6
Bxf1 15. fxg7 Kxg7 16. Qxf1 f5 17. b3 e6 18. Bb2 Kg8 19. Rd1 a5 20. Qe1 Rf6 21.
Nb5 e5 22. Bxe5 Re6 23. Rxd6 Rxd6 24. Nxd6 Qg5 25. Nf7 Kxf7 26. Bxb8 f4 27.
Bxf4 Qf5 28. Qd1 g5 29. Be3 h6 30. Qd5+ Kg6 31. Qxf5+ Kxf5 32. f3 Ke5 33. Kf2
Kf5 34. a3 h5 35. b4 g4 36. bxa5 1-0

[Event "Open Est 2013-2014"]
[Site "Salle Lakanal Aubagne"]
[Date "2014.03.15"]
[Round "7.28"]
[White "Konate, Salma"]
[Black "Escaillon, Gilbert"]
[Result "1-0"]
[WhiteElo "1342"]
[BlackElo "1130"]
[PlyCount "23"]
[EventDate "2014.??.??"]

1. e4 e5 2. Nf3 Nc6 3. Nc3 Bb4 4. a3 Bxc3 5. dxc3 Nf6 6. Bd3 h6 7. Be3 O-O 8.
Qd2 d5 9. exd5 Nxd5 10. Bxh6 gxh6 11. Qxh6 Qf6 12. Qh7# 1-0

[Event "Open Est 2013-2014"]
[Site "Salle Lakanal Aubagne"]
[Date "2014.03.15"]
[Round "7.29"]
[White "Danthier, Christophe"]
[Black "Yahia Amar, Clement"]
[Result "0-1"]
[WhiteElo "1499"]
[BlackElo "1250"]
[PlyCount "64"]
[EventDate "2014.??.??"]

1. d4 d5 2. e3 e6 3. Bd3 Nf6 4. Nf3 Be7 5. O-O Bd6 6. Nc3 Nc6 7. Qe2 O-O 8. e4
Bb4 9. e5 Ng4 10. h3 Nh6 11. Bg5 Qe8 12. Bxh6 gxh6 13. Nh4 Kh8 14. a3 Nxd4 15.
Qe3 Bxc3 16. bxc3 Nf5 17. Bxf5 exf5 18. Qxh6 b5 19. Rfe1 Qe6 20. Qf6+ Qxf6 21.
exf6 Bd7 22. Re7 Rfd8 23. Rb1 Rab8 24. Rd1 c6 25. c4 Be6 26. cxd5 cxd5 27. c4
dxc4 28. Rxd8+ Rxd8 29. Rxa7 c3 30. Rc7 Rc8 31. Rb7 c2 32. Rxb5 c1=Q+ 0-1

[Event "Open Est 2013-2014"]
[Site "Salle Lakanal Aubagne"]
[Date "2014.03.15"]
[Round "7.30"]
[White "Morata, Serge"]
[Black "Periale, Albert"]
[Result "0-1"]
[WhiteElo "1260"]
[BlackElo "1340"]
[PlyCount "112"]
[EventDate "2014.??.??"]

1. d4 d5 2. c4 e6 3. Nf3 Nf6 4. Bg5 Be7 5. Nc3 O-O 6. e3 c6 7. Bd3 Nbd7 8. Bxf6
Nxf6 9. O-O b6 10. Qc2 h6 11. Rad1 Qc7 12. Ne5 Bd6 13. f4 c5 14. Nb5 Qd8 15.
Nc6 Qd7 16. Ne5 Bxe5 17. fxe5 Ne8 18. Rf2 Ba6 19. a4 Rc8 20. b3 cxd4 21. exd4
Nc7 22. Nd6 Rb8 23. Rdf1 f6 24. Bh7+ Kh8 25. Qg6 Qe7 26. Qd3 f5 27. Bxf5 exf5
28. Nxf5 Qd7 29. Nd6 Kg8 30. h3 Ne6 31. h4 Rxf2 32. Rxf2 Rf8 33. Qf1 Rxf2 34.
Qxf2 dxc4 35. bxc4 Qe7 36. d5 Nf8 37. Nc8 Bxc8 38. g3 Qxe5 39. Kh2 Nd7 40. Kh3
Nf6+ 41. Kg2 Qe4+ 42. Kg1 Ng4 43. Qf4 Qxf4 44. gxf4 Ne3 45. Kf2 Nxc4 46. Ke2
Bd7 47. Kd3 Nd6 48. Kd4 Nf5+ 49. Ke5 Kf7 50. Ke4 Nxh4 51. Ke5 Ng6+ 52. Kd6 Bxa4
53. f5 Ne7 54. Ke5 Bd7 55. d6 Nxf5 56. Kd5 h5 0-1

[Event "Open Est 2013-2014"]
[Site "Salle Lakanal Aubagne"]
[Date "2014.03.15"]
[Round "7.31"]
[White "Turpin, Isabelle"]
[Black "Pegon, Claude"]
[Result "0-1"]
[WhiteElo "1330"]
[BlackElo "1220"]
[PlyCount "66"]
[EventDate "2014.??.??"]

1. d4 f5 2. c4 Nf6 3. Nc3 e6 4. Bg5 d5 5. e3 Bd6 6. Be2 c6 7. a3 O-O 8. h4 Bd7
9. h5 h6 10. Bh4 Be8 11. Bg3 Kh8 12. Nf3 Bxg3 13. fxg3 Nxh5 14. Ne5 Nxg3 15.
Rh3 Qg5 16. Kf2 f4 17. Nf3 fxe3+ 18. Kg1 Qf4 19. Rh4 Qf6 20. Qd3 Nf5 21. Rf4 g5
22. Ne4 dxe4 23. Rxe4 Bg6 24. Qc3 Ng3 25. Rxe3 Nd7 26. Re1 g4 27. Kh2 Qf4 28.
d5+ e5 29. Kg1 gxf3 30. Rxf3 Qh4 31. Rxg3 Be4 32. Rh3 Qf2+ 33. Kh1 Qxg2# 0-1

[Event "Open Est 2013-2014"]
[Site "Salle Lakanal Aubagne"]
[Date "2014.03.15"]
[Round "7.33"]
[White "Pouliquen, Gilbert"]
[Black "Graccione, Angele"]
[Result "1-0"]
[WhiteElo "1290"]
[BlackElo "1060"]
[PlyCount "45"]
[EventDate "2014.??.??"]

1. e4 c5 2. Nf3 Nc6 3. d4 e6 4. d5 Nd4 5. Nxd4 exd5 6. Nb5 dxe4 7. Bc4 d5 8.
Qxd5 Qe7 9. O-O Nf6 10. Qd1 Be6 11. Bxe6 Qxe6 12. Nc7+ Ke7 13. Nxe6 fxe6 14.
Re1 Rd8 15. Qe2 Kf7 16. Nc3 Be7 17. Nxe4 b6 18. Nxf6 Bxf6 19. Qxe6+ Kg6 20. Bf4
Rhe8 21. Qg4+ Kf7 22. Qh5+ Kg8 23. Rxe8+ 1-0

[Event "Open Est 2013-2014"]
[Site "Salle Lakanal Aubagne"]
[Date "2014.03.15"]
[Round "7.34"]
[White "Catanese, Sauveur"]
[Black "Garbe, Georges"]
[Result "0-1"]
[WhiteElo "1180"]
[BlackElo "1280"]
[PlyCount "108"]
[EventDate "2014.??.??"]

1. d4 d5 2. c4 dxc4 3. Nc3 Nf6 4. e4 Nc6 5. Nf3 g6 6. Bxc4 e6 7. O-O Bg7 8. Bg5
O-O 9. d5 Ne7 10. Bxf6 Bxf6 11. Qc2 e5 12. Rfd1 Qd6 13. Nb5 Qb6 14. d6 c6 15.
dxe7 Bxe7 16. Nc3 Bf6 17. Na4 Qc7 18. Nc3 Be6 19. Bxe6 fxe6 20. Nb5 Qe7 21. Nd6
Rfd8 22. Nc4 Rd7 23. Ncxe5 Rxd1+ 24. Rxd1 Rd8 25. Ng4 Rxd1+ 26. Qxd1 Bg7 27.
Nge5 Bf6 28. b3 Qd8 29. Qxd8+ Bxd8 30. Ng5 Bxg5 31. Nf3 Be7 32. Nd4 Kf7 33. a4
e5 34. Nf3 Kf6 35. g4 h6 36. h4 Ke6 37. Kf1 a5 38. Ke2 Kd6 39. Kd3 b6 40. Kc2
g5 41. h5 Bf6 42. Kc3 Kc5 43. Kd3 Kb4 44. Nd2 b5 45. axb5 cxb5 46. Kc2 Be7 47.
Nf3 Bd6 48. Nd2 Bc5 49. f3 Be3 50. Nf1 Bf4 51. Kb2 a4 52. bxa4 bxa4 53. Ka2 a3
54. Ka1 Kb3 0-1

[Event "Open Est 2013-2014"]
[Site "Salle Lakanal Aubagne"]
[Date "2014.03.15"]
[Round "7.35"]
[White "Ralijaona, Gabriela"]
[Black "Masson, Wally"]
[Result "0-1"]
[WhiteElo "1230"]
[BlackElo "1280"]
[PlyCount "44"]
[EventDate "2014.??.??"]

1. e4 c5 2. Nf3 d6 3. Bb5+ Bd7 4. Nc3 Nf6 5. e5 dxe5 6. Nxe5 Qc7 7. Bxd7+ Nbxd7
8. Nxd7 Nxd7 9. Nd5 Qe5+ 10. Ne3 g6 11. d3 Bg7 12. Bd2 O-O 13. Bc3 Qe6 14. Bxg7
Kxg7 15. O-O Rad8 16. Re1 Qc6 17. Qg4 e6 18. Rad1 Nf6 19. Qc4 Rd4 20. Qc3 Kg8
21. Nc4 Rg4 22. Ne5 Qxg2# 0-1

[Event "Open Est 2013-2014"]
[Site "Salle Lakanal Aubagne"]
[Date "2014.03.15"]
[Round "7.36"]
[White "Monteil, Marie-Joseph"]
[Black "Periale, Francine"]
[Result "0-1"]
[WhiteElo "1260"]
[BlackElo "1050"]
[PlyCount "108"]
[EventDate "2014.??.??"]

1. e4 c5 2. d4 cxd4 3. c3 g6 4. cxd4 Bg7 5. Nf3 e6 6. Nc3 Ne7 7. a3 b6 8. Be3
d5 9. e5 Nf5 10. Rc1 Nxe3 11. fxe3 O-O 12. Be2 a6 13. O-O Bh6 14. Qd3 Nc6 15.
b4 Rb8 16. b5 Na5 17. Rb1 Ra8 18. e4 Bb7 19. exd5 exd5 20. a4 Nc4 21. Nd1 Re8
22. Qc3 Re7 23. Bxc4 Rc7 24. Nb2 dxc4 25. Nxc4 Bd5 26. Nh4 Qxh4 27. Qh3 Qxh3
28. gxh3 Rxc4 29. a5 bxa5 30. b6 Rb8 31. Rf6 Be3+ 32. Kf1 Bxd4 33. Rd6 Be4 34.
Rd1 Bxe5 35. Rd8+ Rxd8 36. Rxd8+ Kg7 37. Re8 Bd3+ 38. Kf2 Bd4+ 39. Kf3 Rc6 40.
b7 Rb6 41. b8=Q Rxb8 42. Rxb8 Bf1 43. h4 Be5 44. Rb1 Bd3 45. Rh1 g5 46. h3 a4
47. Re1 f6 48. Re3 Bb5 49. Re1 Bc6+ 50. Kf2 Bb5 51. Rd1 a3 52. Rd2 Bc4 53. Rd7+
Bf7 54. Ra7 Bd4+ 0-1

[Event "Open Est 2013-2014"]
[Site "Salle Lakanal Aubagne"]
[Date "2014.03.15"]
[Round "7.37"]
[White "Huette, Iva"]
[Black "Yahia Amar, Mathieu"]
[Result "1-0"]
[WhiteElo "1099"]
[BlackElo "1250"]
[PlyCount "70"]
[EventDate "2014.??.??"]

1. e4 e5 2. Bc4 Nc6 3. d3 Bc5 4. Nf3 h6 5. Nc3 Nf6 6. O-O d6 7. h3 O-O 8. Be3
Be6 9. Bxe6 fxe6 10. Bxc5 dxc5 11. Nh2 h5 12. g4 h4 13. g5 Nd7 14. Nf3 Nb6 15.
Kh1 Nd4 16. Rg1 Nxf3 17. Rg4 Nd7 18. g6 b6 19. Ne2 Nf6 20. Rg2 a5 21. Ng1 Nxg1
22. Qxg1 Nh5 23. Rg5 Qf6 24. Rf1 Qf3+ 25. Qg2 a4 26. Qxf3 Rxf3 27. Rxh5 Rxh3+
28. Kg2 Rxd3 29. cxd3 b5 30. f4 exf4 31. Rxf4 b4 32. Rf7 c4 33. dxc4 Rd8 34.
Rxc7 Rd2+ 35. Kh3 Rxb2 1-0

[Event "Open Est 2013-2014"]
[Site "Salle Lakanal Aubagne"]
[Date "2014.03.15"]
[Round "7.38"]
[White "Campion, Nathan"]
[Black "Gousseau, Michel"]
[Result "1/2-1/2"]
[WhiteElo "1199"]
[BlackElo "1120"]
[PlyCount "102"]
[EventDate "2014.??.??"]

1. d4 d5 2. Nf3 e6 3. Bf4 c5 4. e3 Bd6 5. Nbd2 Nf6 6. c4 cxd4 7. Bxd6 Qxd6 8.
exd4 O-O 9. c5 Qe7 10. Bd3 g6 11. O-O Nc6 12. a3 Qc7 13. Re1 Qf4 14. Qa4 Ng4
15. Rac1 Re8 16. Bb5 Qc7 17. Bxc6 bxc6 18. Ne5 Bb7 19. Nxg4 Qf4 20. Qd1 h5 21.
g3 Qg5 22. Nf3 Qe7 23. Nge5 Rf8 24. h4 Kg7 25. Qa4 Qf6 26. Ng5 Qe7 27. Nxc6 Qd7
28. Qb3 Bxc6 29. Nf3 Ba4 30. Qb4 Bc6 31. Ne5 Qc7 32. Nxc6 Qxc6 33. f4 Rab8 34.
Qc3 Rfe8 35. b4 f5 36. Re5 a6 37. a4 Qxa4 38. c6 Rxb4 39. c7 Rc8 40. Rxe6 Rc4
41. Re7+ Kf6 42. Qe3 Rxc1+ 43. Kg2 Qa2+ 44. Qe2 Rc2 45. Re6+ Kf7 46. Re7+ Kg8
47. Kf3 Qb3+ 48. Re3 Qc4 49. Re8+ Rxe8 50. Qxe8+ Kg7 51. Qe7+ Kg8 1/2-1/2

[Event "Open Est 2013-2014"]
[Site "Salle Lakanal Aubagne"]
[Date "2014.03.15"]
[Round "7.39"]
[White "Timoner, Genevieve"]
[Black "Herbulot, Thomas"]
[Result "0-1"]
[WhiteElo "1499"]
[BlackElo "1009"]
[PlyCount "136"]
[EventDate "2014.??.??"]

1. c4 e5 2. Nc3 Nf6 3. d3 Nc6 4. Nf3 Bc5 5. g3 O-O 6. Bg2 d6 7. O-O Be6 8. Bd2
a6 9. a3 Qd7 10. Rb1 Bh3 11. b4 Ba7 12. b5 axb5 13. Nxb5 Rab8 14. Nxa7 Nxa7 15.
Ng5 Bxg2 16. Kxg2 Nc8 17. d4 exd4 18. Qc2 Ne7 19. Bc3 dxc3 20. Qxc3 Ng6 21.
Rfd1 Qe7 22. e3 Rfe8 23. h4 Qd7 24. Qd3 Re7 25. Rh1 h6 26. Rbe1 hxg5 27. hxg5
Nh7 28. f4 Rbe8 29. f5 Qc6+ 30. e4 Rxe4 31. Rxe4 Rxe4 32. Kg1 Re1+ 33. Kf2 Rxh1
34. Qd5 Qe8 35. Qxh1 Ne5 36. g6 fxg6 37. g4 gxf5 38. gxf5 Ng5 39. Qxb7 Nxc4 40.
Qd5+ Kh7 41. Qxc4 Qb8 42. a4 Qb2+ 43. Kg3 Qe5+ 44. Kf2 Qh2+ 45. Ke3 Qg3+ 46.
Ke2 Qf3+ 47. Ke1 Ne4 48. Qe2 Qxe2+ 49. Kxe2 Nc5 50. a5 Kh6 51. Kf3 Kg5 52. f6
gxf6 53. Ke3 f5 54. Kd4 Kg4 55. Kd5 f4 56. Kc6 f3 57. Kxc7 Nb7 58. Kc6 Nxa5+
59. Kb6 f2 60. Kxa5 f1=Q 61. Kb6 Qc1 62. Kb7 Qc5 63. Kb8 Kf5 64. Kb7 Ke6 65.
Kb8 Kd7 66. Kb7 Qb5+ 67. Ka7 Kc7 68. Ka8 Qa6# 0-1

[Event "Open Est 2013-2014"]
[Site "Salle Lakanal Aubagne"]
[Date "2014.03.15"]
[Round "7.40"]
[White "Bodart, Thomas"]
[Black "Gianfranceschi, Gerard"]
[Result "0-1"]
[WhiteElo "1260"]
[BlackElo "1010"]
[PlyCount "78"]
[EventDate "2014.??.??"]

1. e4 e5 2. Nf3 d5 3. d3 Nc6 4. Nc3 d4 5. Ne2 Bb4+ 6. c3 Ba5 7. b4 Nxb4 8. cxb4
Bxb4+ 9. Bd2 a5 10. Nxe5 Qf6 11. Nf3 Ne7 12. Nexd4 c5 13. Nb5 Bxd2+ 14. Nxd2
Bd7 15. Nc7+ Kd8 16. Nxa8 Nc6 17. Qb3 Qxa1+ 18. Ke2 Nd4+ 19. Ke3 Nxb3 20. Nxb3
Qxa2 21. Nxc5 Bc6 22. Be2 Qa3 23. Kd4 Qb4+ 24. Ke3 Qxc5+ 25. Kf3 f5 26. Rd1
fxe4+ 27. dxe4+ Kc8 28. Rb1 Rf8+ 29. Kg4 h5+ 30. Kh3 Qc2 31. Re1 Bxe4 32. Kg3
g5 33. Nb6+ Kc7 34. Nd7 h4+ 35. Kh3 Qc3+ 36. g3 Kxd7 37. Bb5+ Kd6 38. Rd1+ Kc5
39. Rd7 Kxb5 0-1

[Event "Open Est 2013-2014"]
[Site "Salle Lakanal Aubagne"]
[Date "2014.03.15"]
[Round "7.41"]
[White "Chikha, Zakaria"]
[Black "Sid, Alexander"]
[Result "1-0"]
[WhiteElo "1199"]
[BlackElo "1009"]
[PlyCount "29"]
[EventDate "2014.??.??"]

1. e4 e5 2. Nf3 Nc6 3. Nc3 Nf6 4. Bb5 a6 5. Bxc6 dxc6 6. d4 exd4 7. Qxd4 Qxd4
8. Nxd4 Bd6 9. Bg5 h6 10. Bxf6 gxf6 11. O-O Be5 12. Rfd1 c5 13. Nf5 Bxf5 14.
exf5 Bxc3 15. bxc3 {Là il y a marqué o-o-o ? pas possible} 1-0

[Event "Open Est 2013-2014"]
[Site "Salle Lakanal Aubagne"]
[Date "2014.03.15"]
[Round "7.42"]
[White "Yahia Amar, Pierre"]
[Black "Perez, Laurent"]
[Result "0-1"]
[WhiteElo "1010"]
[BlackElo "1099"]
[PlyCount "26"]
[EventDate "2014.??.??"]

1. d4 d5 2. Nc3 Nf6 3. e3 Bg4 4. f3 Bh5 5. Bb5+ c6 6. Bd3 e6 7. Nh3 Bd6 8. Rg1
Bc7 9. e4 Qd6 10. Nf4 Qd7 11. exd5 cxd5 12. g4 O-O 13. Nxh5 Bxh2 0-1

[Event "Open Est 2013-2014"]
[Site "Salle Lakanal Aubagne"]
[Date "2014.04.12"]
[Round "8.1"]
[White "Salvi, Michel"]
[Black "Benezra, Amos"]
[Result "0-1"]
[WhiteElo "1660"]
[BlackElo "1748"]
[PlyCount "120"]
[EventDate "2014.??.??"]

1. e4 g6 2. Nf3 Bg7 3. d4 d6 4. Bc4 a6 5. O-O e6 6. Qe2 b5 7. Bb3 Nd7 8. Bg5
Ne7 9. Nbd2 O-O 10. Rad1 h6 11. Bh4 Bb7 12. c4 bxc4 13. Nxc4 a5 14. Rfe1 g5 15.
Bg3 Ng6 16. Qc2 g4 17. Nfd2 h5 18. f4 h4 19. f5 hxg3 20. fxg6 gxh2+ 21. Kh1
fxg6 22. Nxd6 cxd6 23. Bxe6+ Kh7 24. Bxg4 Nf6 25. Bf3 Bc8 26. Nc4 Ng4 27. e5 d5
28. e6 Qh4 29. Bxg4 Qxg4 30. e7 Bf5 31. exf8=Q Rxf8 32. Ne3 Bxc2 33. Nxg4 Bxd1
34. Rxd1 Rf4 35. Ne5 Rf2 36. Rb1 Rd2 37. Kxh2 Rxd4 38. Nc6 Rd2 39. Kg3 a4 40.
Kf3 Rxb2 41. Rxb2 Bxb2 42. Kf4 Kh6 43. g4 Bf6 44. Nb4 d4 45. Nd5 d3 46. Kf3 Bd4
47. Nf4 d2 48. Ke2 Bc3 49. Ne6 a3 50. Kd1 g5 51. Nc7 Kg6 52. Nd5 Ba5 53. Kc2
Kf7 54. Ne3 Ke6 55. Kb3 Ke5 56. Kxa3 Kf4 57. Nd1 Kxg4 58. Kb2 Kf3 59. Kc2 Ke2
60. Nb2 g4 0-1

[Event "Open Est 2013-2014"]
[Site "Salle Lakanal Aubagne"]
[Date "2014.04.12"]
[Round "8.2"]
[White "Crapon, Laurent"]
[Black "Gauci Schacre, Jeremy"]
[Result "1-0"]
[WhiteElo "1763"]
[BlackElo "1387"]
[PlyCount "59"]
[EventDate "2014.??.??"]

1. d4 Nf6 2. Nf3 e6 3. Bf4 Nc6 4. e3 d5 5. c4 Bb4+ 6. Nc3 O-O 7. Rc1 Re8 8. h3
Ne4 9. Bd3 f6 10. cxd5 exd5 11. O-O Bd6 12. Nxd5 Bxf4 13. Nxf4 Nd6 14. Qc2 f5
15. a3 Bd7 16. d5 Ne5 17. Nxe5 Rxe5 18. Qxc7 Qe7 19. Qc5 g5 20. Ne2 Bc6 21. Nc3
a6 22. Qd4 Nb5 23. Bxb5 Bxb5 24. Nxb5 axb5 25. d6 Qe6 26. Rfd1 Re4 27. Qd5 Kf8
28. Rc7 Rd8 29. Rxh7 Rd7 30. Qxe6 1-0

[Event "Open Est 2013-2014"]
[Site "Salle Lakanal Aubagne"]
[Date "2014.04.12"]
[Round "8.3"]
[White "Velut, Pierre-Marie"]
[Black "Ollier, Laurent"]
[Result "0-1"]
[WhiteElo "1600"]
[BlackElo "1527"]
[PlyCount "58"]
[EventDate "2014.??.??"]

1. d4 Nf6 2. c4 g6 3. Nf3 d5 4. cxd5 Bg7 5. Nc3 Nxd5 6. e4 Nxc3 7. bxc3 c5 8.
Be3 Nc6 9. e5 Bg4 10. Bb5 Qa5 11. Bxc6+ bxc6 12. Bd2 cxd4 13. cxd4 Qb5 14. h3
Bf5 15. Qb3 Qd3 16. Qxd3 Bxd3 17. Be3 O-O 18. Kd2 Be4 19. Rac1 Rab8 20. Kc3 Rb5
21. Rhe1 Rfb8 22. Bf4 Bd5 23. e6 R8b7 24. exf7+ Bxf7 25. Re2 c5 26. Be5 cxd4+
27. Kxd4 Rd7+ 28. Kc3 Rc5+ 29. Kb2 Rb7+ 0-1

[Event "Open Est 2013-2014"]
[Site "Salle Lakanal Aubagne"]
[Date "2014.04.12"]
[Round "8.5"]
[White "Vialette, Eric"]
[Black "Fournier, Alain"]
[Result "0-1"]
[WhiteElo "1681"]
[BlackElo "1590"]
[PlyCount "96"]
[EventDate "2014.??.??"]

1. e4 b6 2. d4 Bb7 3. Nc3 e6 4. Nf3 Bb4 5. Bd3 Nf6 6. Qe2 d5 7. e5 Ne4 8. Bd2
Nxd2 9. Qxd2 Nd7 10. a3 Be7 11. b4 a5 12. b5 a4 13. Ne2 h6 14. Nf4 Nf8 15. Nh5
Rg8 16. h4 Kd7 17. g4 Kc8 18. Ke2 Kb8 19. g5 hxg5 20. Nxg5 Qe8 21. f4 f6 22.
Nxg7 Rxg7 23. exf6 Bxf6 24. Qe3 Qh5+ 25. Kd2 Bc8 26. Be2 Qh8 27. Bg4 Rg6 28. c3
Qg7 29. Bf3 Ra5 30. Be2 Bd7 31. Rab1 Be7 32. c4 Bf6 33. Kc3 Nh7 34. Rbg1 Nxg5
35. fxg5 Be7 36. Bd3 e5 37. dxe5 Re6 38. Qf3 Qxe5+ 39. Kc2 d4 40. Re1 Qc5 41.
Rxe6 Bxe6 42. Re1 Bxc4 43. Rxe7 Bxd3+ 44. Kxd3 Qxa3+ 45. Kxd4 Qxe7 46. Kd3 a3
47. Qf1 a2 48. Qa1 Qg7 0-1

[Event "Open Est 2013-2014"]
[Site "Salle Lakanal Aubagne"]
[Date "2014.04.12"]
[Round "8.6"]
[White "Hunault, Francis"]
[Black "Telouk, Olivier"]
[Result "0-1"]
[WhiteElo "1660"]
[BlackElo "1538"]
[PlyCount "138"]
[EventDate "2014.??.??"]

1. d4 Nf6 2. c4 g6 3. Nc3 Bg7 4. Nf3 O-O 5. Bg5 d6 6. e3 Nbd7 7. Bd3 c5 8. O-O
Re8 9. Re1 e5 10. d5 Qa5 11. e4 h6 12. Bd2 Qd8 13. Qc1 h5 14. h3 Nh7 15. Ng5
Nxg5 16. Bxg5 f6 17. Bh6 Nf8 18. Ne2 g5 19. Bxg7 Kxg7 20. Ng3 h4 21. Nh5+ Kh6
22. Qd1 Ng6 23. Qf3 Nf4 24. Nxf4 exf4 25. Be2 Qb6 26. Reb1 Qb4 27. a3 Qd2 28.
Kh2 b6 29. Ra2 Qd4 30. Bd3 Ba6 31. b3 Rab8 32. Rab2 b5 33. cxb5 Bxb5 34. Bxb5
Rxb5 35. Qg4 Qxe4 36. Qd7 Reb8 37. Qxd6 Qe5 38. Qe6 f3+ 39. Qxe5 fxe5 40. gxf3
c4 41. b4 Rxd5 42. b5 Kg6 43. a4 Rc5 44. Rc2 Kf5 45. Rc3 Rd8 46. a5 Rb8 47. b6
Rxa5 48. Rxc4 axb6 49. Rcb4 b5 50. Kg2 Rb6 51. Kf1 Ra3 52. Kg2 Rd3 53. R1b2 Rd4
54. Kf1 Rxb4 55. Rxb4 Rb7 56. Kg2 Ke6 57. Kf1 Kd5 58. Ke2 Kc5 59. Re4 Kd6 60.
Rb4 Kc6 61. Re4 b4 62. Rxe5 b3 63. Rxg5 b2 64. Rg1 b1=Q 65. Rxb1 Rxb1 66. f4
Rb3 67. f5 Kd6 68. f3 Ke5 69. f6 Kxf6 0-1